00984pam a2200241 a 4500999001500000001000600015003000900021005001700030008004100047020001800088040002800106082002000134245006100154260005400215300004400269500004700313504005100360650004000411710004300451942001200494952011800506952011800624 c7194d719420696BD-DhUAP20210117122554.0201221s2018 njea b 001 0 eng  a9788126574490 aDLCcDLCdBD-DhUAPbeng00a650.076 GMA223 aGMAT official guide verbal review 2019 :bbook + online. aHoboken, New Jersey :bJohn Wiley & Sons,cc2018. av, 381 pages :billustrations ;c26 cm. a300 verbal questions unique to this guide. aIncludes bibliographical references and index. aGraduate Management Admission Test. aGraduate Management Admission Council. 2ddccBK 00102ddc4070aUAPCLbDBASLcGeneral Stacksd2021-01-17o650.076 GMAp3010020696r2021-01-17t1w2021-01-17yBK 00102ddc4070aUAPCLbDBASLcGeneral Stacksd2021-01-17o650.076 GMAp3010020713r2021-01-17t2w2021-01-17yBK